[Event "Reykjavik Open 2013"]
[Site "Reykjavik, Iceland"]
[Date "2013.02.24"]
[Round "7.81"]
[White "Mihajlov, Sebastian"]
[Black "Storesund, Henrik"]
[Result "1-0"]
[WhiteElo "2059"]
[BlackElo "1759"]
[PlyCount "61"]
[EventDate "2013.02.19"]

1. d4 Nf6 2. c4 g6 3. Nc3 Bg7 4. e4 d6 5. Nf3 O-O 6. h3 e5 7. d5 a5 8. g4 Na6
9. Bg5 h6 10. Be3 Nd7 11. Rg1 Kh7 12. Bd3 Ndc5 13. Bb1 f5 14. gxf5 gxf5 15.
exf5 Rxf5 16. Bxc5 Nxc5 17. Ne4 Nxe4 18. Bxe4 Kh8 19. Qd3 Qf6 20. O-O-O h5 21.
Kb1 Rf4 22. Rg6 Qf8 23. Rg5 Qf7 24. Rdg1 Bh6 25. Rg6 Qf8 26. Nh4 Rxh4 27. Rg8+
Qxg8 28. Rxg8+ Kxg8 29. Qg3+ Rg4 30. hxg4 hxg4 31. Qh4 1-0

[Event "Reykjavik Open 2013"]
[Site "Reykjavik, Iceland"]
[Date "2013.02.24"]
[Round "7.82"]
[White "Haraldsson, Leif"]
[Black "Billot, Daniel"]
[Result "1-0"]
[WhiteElo "2028"]
[BlackElo "1731"]
[PlyCount "73"]
[EventDate "2013.02.19"]

1. f4 e5 2. e4 Bc5 3. Bc4 Nc6 4. Nf3 d6 5. d3 Nf6 6. Nc3 a6 7. a3 Qe7 8. f5 Nd4
9. Bg5 c6 10. Rf1 O-O 11. Qd2 Bd7 12. g4 b5 13. Ba2 Rab8 14. b4 Bb6 15. Rb1
Rfc8 16. Kd1 Bd8 17. Qg2 h6 18. Bd2 Nh7 19. h4 Nxf3 20. Rxf3 Kh8 21. g5 h5 22.
Kc1 g6 23. Kb2 Bb6 24. Rbf1 Rf8 25. Ne2 d5 26. Ng3 d4 27. fxg6 fxg6 28. Rf7
Rxf7 29. Rxf7 Qe8 30. Nxh5 gxh5 31. g6 Be6 32. Rxh7+ Kg8 33. Qg5 Bxa2 34. Rh8+
Kxh8 35. Qh6+ Kg8 36. Qh7+ Kf8 37. Bh6# 1-0

[Event "Reykjavik Open 2013"]
[Site "Reykjavik, Iceland"]
[Date "2013.02.24"]
[Round "7.83"]
[White "Murray, Michael A"]
[Black "Kolka, Dawid"]
[Result "1-0"]
[WhiteElo "2017"]
[BlackElo "1646"]
[PlyCount "59"]
[EventDate "2013.02.19"]

1. e4 c6 2. d4 d5 3. exd5 cxd5 4. Bd3 Nc6 5. c3 Nf6 6. Bf4 Bg4 7. Qb3 Qd7 8.
Nd2 e6 9. Ngf3 Be7 10. O-O O-O 11. Rae1 a6 12. Qc2 h6 13. h3 Bxf3 14. Nxf3 Bd6
15. Ne5 Qc7 16. Qe2 Nd7 17. Qh5 Nf6 18. Qh4 Nd7 19. Qg3 Bxe5 20. dxe5 Kh8 21.
Qh4 Ndxe5 22. Bxh6 Nxd3 23. Bf4+ Kg8 24. Bxc7 Nxe1 25. Rxe1 Rac8 26. Bf4 Rfe8
27. Qg3 Ne7 28. Be5 Ng6 29. Bd4 Kh7 30. f4 1-0

[Event "Reykjavik Open 2013"]
[Site "Reykjavik, Iceland"]
[Date "2013.02.24"]
[Round "7.84"]
[White "Seim, Fredrik"]
[Black "Michel, Steve"]
[Result "1-0"]
[WhiteElo "1714"]
[BlackElo "2008"]
[PlyCount "37"]
[EventDate "2013.02.19"]

1. Nc3 c5 2. e4 a6 3. f4 b5 4. Nf3 Bb7 5. d3 e6 6. Ne2 d5 7. e5 h5 8. d4 Nh6 9.
c3 Be7 10. Neg1 Nc6 11. Bd3 b4 12. Ne2 g6 13. Qa4 Qb6 14. Be3 a5 15. dxc5 Bxc5
16. Ned4 O-O 17. Qc2 Rfc8 18. Bxg6 Ng4 19. Bxf7+ 1-0

[Event "Reykjavik Open 2013"]
[Site "Reykjavik, Iceland"]
[Date "2013.02.24"]
[Round "7.87"]
[White "Mehringer, Joerg"]
[Black "Kjartansson, Dagur"]
[Result "1/2-1/2"]
[WhiteElo "1908"]
[BlackElo "1623"]
[PlyCount "63"]
[EventDate "2013.02.19"]

1. e4 c5 2. g3 Nc6 3. Bg2 g6 4. f4 Bg7 5. Nf3 e6 6. O-O Nge7 7. Nc3 O-O 8. d3
b6 9. Be3 d5 10. Bf2 d4 11. Ne2 e5 12. fxe5 Nxe5 13. Nxe5 Bxe5 14. Nf4 Bb7 15.
Qg4 Qd6 16. Be1 f5 17. exf5 Bxg2 18. Kxg2 Nxf5 19. Bd2 Ne3+ 20. Bxe3 dxe3 21.
Rae1 Bxf4 22. Rxf4 Qd5+ 23. Kh3 Rae8 24. Rxf8+ Rxf8 25. Rxe3 Rf2 26. Qc8+ Kg7
27. Re7+ Rf7 28. Rxf7+ Qxf7 29. b3 Qf1+ 30. Kg4 h5+ 31. Kh4 Qf6+ 32. Kh3
1/2-1/2

[Event "Reykjavik Open 2013"]
[Site "Reykjavik, Iceland"]
[Date "2013.02.24"]
[Round "7.88"]
[White "Holm, Fridgeir K"]
[Black "Merkesvik, Sondre"]
[Result "0-1"]
[WhiteElo "1733"]
[BlackElo "1903"]
[PlyCount "55"]
[EventDate "2013.02.19"]

1. e4 Nf6 2. d3 d5 3. e5 Nfd7 4. d4 c5 5. f4 Nc6 6. Nf3 e6 7. c3 Qb6 8. Be2 Be7
9. O-O O-O 10. Kh1 h6 11. Bd3 Kh8 12. Bc2 Qc7 13. Ng5 cxd4 14. Qd3 g6 15. Nxe6
Qb6 16. Qh3 h5 17. g4 Ndxe5 18. gxh5 Bxe6 19. f5 gxf5 20. Bxf5 dxc3 21. Nxc3
Nd4 22. Be3 Bc5 23. Na4 Bxf5 24. Rxf5 Qe6 25. Bxd4 Bxd4 26. Re1 Rg8 27. Nc3 Rg5
28. Qh4 0-1

[Event "Reykjavik Open 2013"]
[Site "Reykjavik, Iceland"]
[Date "2013.02.24"]
[Round "7.89"]
[White "Jablon, Stephen"]
[Black "Magnusdottir, Veronika Steinun"]
[Result "1-0"]
[WhiteElo "1896"]
[BlackElo "1557"]
[PlyCount "43"]
[EventDate "2013.02.19"]

1. d4 Nf6 2. Nf3 e6 3. c3 d5 4. Bf4 c5 5. e3 Nc6 6. Bd3 Bd6 7. Ne5 cxd4 8. cxd4
Qc7 9. Qc2 Nh5 10. Nxc6 Nxf4 11. exf4 Qxc6 12. Nc3 Bd7 13. f5 exf5 14. Bxf5
Bxf5 15. Qxf5 Rd8 16. O-O O-O 17. Rfe1 Qb6 18. Re3 Qxb2 19. Rae1 Bb4 20. Nxd5
Bxe1 21. Ne7+ Kh8 22. Qxh7+ 1-0

[Event "Reykjavik Open 2013"]
[Site "Reykjavik, Iceland"]
[Date "2013.02.24"]
[Round "7.90"]
[White "Petersson, Baldur Teodor"]
[Black "Ingason, Sigurdur"]
[Result "0-1"]
[WhiteElo "1575"]
[BlackElo "1878"]
[PlyCount "90"]
[EventDate "2013.02.19"]

1. e4 e6 2. b3 d5 3. Bb2 dxe4 4. Nc3 Nf6 5. Qe2 Nc6 6. Nxe4 Nxe4 7. Qxe4 Qd5 8.
Qf3 Qxf3 9. Nxf3 Bd7 10. O-O-O O-O-O 11. g3 f6 12. Bg2 e5 13. d3 Bg4 14. Rde1
Bc5 15. Rhf1 Nb4 16. a3 Nc6 17. Re4 Bf5 18. Rc4 Bb6 19. Nh4 Be6 20. Re4 g5 21.
Nf3 h5 22. h3 Bd5 23. Re2 Nd4 24. Bxd4 Bxf3 25. Bxf3 Bxd4 26. g4 h4 27. Be4 Rd6
28. c4 Rb6 29. Kc2 Ra6 30. a4 c6 31. Rc1 Kd7 32. Bf5+ Kd6 33. Kd1 Rb6 34. Rb1
Rb4 35. f3 Rb8 36. Kc2 b5 37. axb5 cxb5 38. Ree1 Rb6 39. Rh1 Ra6 40. Be4 Ra2+
41. Kc1 a5 42. Bd5 a4 43. Bf7 a3 44. Bg8 Rf2 45. cxb5 a2 0-1

[Event "Reykjavik Open 2013"]
[Site "Reykjavik, Iceland"]
[Date "2013.02.24"]
[Round "7.91"]
[White "Masson, Kjartan"]
[Black "Vignisson, Ingvar Egill"]
[Result "1-0"]
[WhiteElo "1856"]
[BlackElo "1542"]
[PlyCount "123"]
[EventDate "2013.02.19"]

1. d4 Nf6 2. c4 g6 3. Nc3 Bg7 4. e4 d6 5. Nf3 O-O 6. Be2 e5 7. d5 a5 8. Bg5 h6
9. Be3 Ng4 10. Bd2 f5 11. g3 fxe4 12. Nxe4 Nf6 13. Nxf6+ Qxf6 14. O-O Bh3 15.
Re1 e4 16. Bc3 Qf5 17. Bxg7 Kxg7 18. Qd4+ Kh7 19. Nd2 c5 20. Qe3 Nd7 21. Nxe4
Rae8 22. f3 Bg4 23. fxg4 Qxe4 24. Qxe4 Rxe4 25. Bd3 Rxe1+ 26. Rxe1 Ne5 27. Re3
Rf3 28. Rxf3 Nxf3+ 29. Kf2 Ne5 30. Be2 g5 31. Ke3 Kg7 32. h4 Kf6 33. Ke4 b6 34.
Ke3 Nd7 35. Ke4 Nb8 36. Bd1 Na6 37. a3 Nc7 38. Ba4 Na6 39. Bb5 Nc7 40. Bc6 Na6
41. Bd7 Nc7 42. Bc8 Ne8 43. Bd7 Ng7 44. Kd3 Ke5 45. Kc3 Kf6 46. hxg5+ hxg5 47.
Kb3 Ke7 48. Bc6 Kf6 49. Ka4 Ke5 50. Kb5 Kd4 51. b3 Kc3 52. Kxb6 Kxb3 53. a4
Kxc4 54. Kxa5 Kd4 55. Kb6 c4 56. a5 c3 57. Ba4 Kxd5 58. a6 Ne6 59. a7 Nc5 60.
a8=Q+ Kd4 61. Qh8+ Ke4 62. Bc2+ 1-0

[Event "Reykjavik Open 2013"]
[Site "Reykjavik, Iceland"]
[Date "2013.02.24"]
[Round "7.93"]
[White "Jonsson, Gauti Pall"]
[Black "Traustason, Ingi Tandri"]
[Result "1/2-1/2"]
[WhiteElo "1519"]
[BlackElo "1840"]
[PlyCount "93"]
[EventDate "2013.02.19"]

1. b4 d5 2. Bb2 Nf6 3. b5 Bf5 4. e3 Nbd7 5. Nf3 e6 6. c4 Be7 7. Nc3 dxc4 8.
Bxc4 O-O 9. O-O Bg4 10. Be2 Bd6 11. h3 Bh5 12. d4 Qe7 13. a4 e5 14. dxe5 Nxe5
15. Nd5 Nxd5 16. Qxd5 Bxf3 17. Bxf3 Nxf3+ 18. Qxf3 b6 19. Rac1 a6 20. Bd4 axb5
21. axb5 Qd7 22. Rc6 Ra5 23. Qe2 Qf5 24. Bxb6 cxb6 25. Rxd6 Qxb5 26. Qxb5 Rxb5
27. Rdd1 Rc5 28. Rc1 Rfc8 29. Rxc5 Rxc5 30. Rb1 b5 31. Kf1 Kf8 32. Rb2 Ke7 33.
Ke2 Kd7 34. Kd3 Kd6 35. f4 Rd5+ 36. Kc3 Kc5 37. e4 Rd1 38. Rc2 Rd7 39. Kb3+ Kb6
40. Rc3 Rd4 41. Re3 Ka5 42. g4 Kb6 43. h4 Kc6 44. h5 Kd7 45. Kc3 Rc4+ 46. Kb3
Kd6 47. Re1 1/2-1/2

[Event "Reykjavik Open 2013"]
[Site "Reykjavik, Iceland"]
[Date "2013.02.24"]
[Round "7.98"]
[White "Hrafnsson, Hilmir"]
[Black "Orlova, Yelizaveta"]
[Result "0-1"]
[WhiteElo "1331"]
[BlackElo "1978"]
[PlyCount "62"]
[EventDate "2013.02.19"]

1. d4 c5 2. d5 e5 3. e4 d6 4. Nc3 a6 5. a4 b6 6. Nf3 Be7 7. Be2 Nd7 8. O-O Ngf6
9. Nd2 Nf8 10. Nc4 Ng6 11. Qd3 O-O 12. a5 b5 13. Nb6 Ra7 14. f4 exf4 15. Bxf4
Nxf4 16. Rxf4 Nd7 17. Nxd7 Bxd7 18. Bg4 Bg5 19. Raf1 Bxf4 20. Rxf4 Qg5 21. Qf3
Bxg4 22. Qxg4 Qxg4 23. Rxg4 Re7 24. Kf2 b4 25. Na4 f5 26. Rf4 fxe4 27. Rxf8+
Kxf8 28. Ke3 Kf7 29. Nb6 Re5 30. Nc4 Rxd5 31. Kxe4 Rd1 0-1

[Event "Reykjavik Open 2013"]
[Site "Reykjavik, Iceland"]
[Date "2013.02.24"]
[Round "7.99"]
[White "Heimisson, Hilmir Freyr"]
[Black "Thorhallsson, Simon"]
[Result "1/2-1/2"]
[WhiteElo "1693"]
[BlackElo "1451"]
[PlyCount "103"]
[EventDate "2013.02.19"]

1. c4 g6 2. g3 Bg7 3. Bg2 e5 4. Nc3 f5 5. d3 Nf6 6. Bg5 O-O 7. Bxf6 Qxf6 8. e3
c6 9. Qe2 d6 10. h4 h6 11. Nf3 Be6 12. Rd1 Nd7 13. d4 exd4 14. Nxd4 Rae8 15.
O-O Ne5 16. b3 Bf7 17. Nb1 Ng4 18. Bh3 h5 19. Na3 d5 20. c5 Qe7 21. b4 Nxe3 22.
fxe3 Qxe3+ 23. Qxe3 Rxe3 24. Nac2 Rxg3+ 25. Kh2 Be5 26. Bg2 Rf3+ 27. Kh1 Rxf1+
28. Rxf1 Bg3 29. Nf3 Re8 30. Ncd4 Re4 31. Rd1 Bxh4 32. Kh2 Bf6 33. b5 Be8 34.
bxc6 Bxc6 35. Nxc6 bxc6 36. Rb1 Ra4 37. Rb8+ Kh7 38. Rc8 Ra6 39. Kg1 Kh6 40.
Bf1 Ra5 41. Rxc6 Bg5 42. Kf2 Be7 43. Ne5 Bxc5+ 44. Kf3 Ra3+ 45. Kg2 Rxa2+ 46.
Kh1 Bd4 47. Nxg6 Kg5 48. Ne7 Ra1 49. Rg6+ Kf4 50. Kg2 Ra2+ 51. Kh1 Ra1 52. Kg2
1/2-1/2

[Event "Reykjavik Open 2013"]
[Site "Reykjavik, Iceland"]
[Date "2013.02.24"]
[Round "7.100"]
[White "Hauksdottir, Hrund"]
[Black "Pantzar, Milton"]
[Result "1/2-1/2"]
[WhiteElo "1671"]
[BlackElo "1693"]
[PlyCount "84"]
[EventDate "2013.02.19"]

1. e4 e6 2. d4 d5 3. exd5 exd5 4. Bd3 Nf6 5. Bf4 Bd6 6. Ne2 Bxf4 7. Nxf4 Qe7+
8. Qe2 Qxe2+ 9. Bxe2 Bf5 10. c3 O-O 11. O-O c6 12. Nd2 Nbd7 13. Nb3 Rfe8 14.
Rfe1 Re7 15. Kf1 Rae8 16. Na5 Nb6 17. Bd3 Bxd3+ 18. Nxd3 Ne4 19. f3 Nd2+ 20.
Kf2 Ndc4 21. Nxb7 Kf8 22. Nbc5 Nd7 23. b3 Nxc5 24. Nxc5 Na3 25. Rxe7 Rxe7 26.
Re1 Nb5 27. Rxe7 Kxe7 28. Na4 f5 29. Ke3 g5 30. g3 h5 31. h3 Kf6 32. g4 fxg4
33. fxg4 hxg4 34. hxg4 Ke7 35. c4 Nd6 36. cxd5 cxd5 37. Nc3 Ke6 38. a3 Ne8 39.
b4 a6 40. b5 axb5 41. Nxb5 Kd7 42. Nc3 Kc6 1/2-1/2

[Event "Reykjavik Open 2013"]
[Site "Reykjavik, Iceland"]
[Date "2013.02.24"]
[Round "7.101"]
[White "Palsdottir, Soley Lind"]
[Black "Einarsson, Oskar Long"]
[Result "1-0"]
[WhiteElo "1393"]
[BlackElo "1613"]
[PlyCount "47"]
[EventDate "2013.02.19"]

1. e4 c5 2. Nf3 d6 3. d4 Nf6 4. dxc5 Nxe4 5. cxd6 Nc6 6. Bd3 Nxd6 7. O-O g6 8.
c3 Bg7 9. Re1 O-O 10. Nbd2 Re8 11. Ne4 Nxe4 12. Bxe4 Qb6 13. Qc2 Qc7 14. Bg5 e6
15. Rad1 Ne7 16. Nd4 a6 17. h3 Qa5 18. Bxe7 Rxe7 19. Qb3 Rb8 20. Nc6 Qc7 21.
Nxb8 Qxb8 22. Rd8+ Bf8 23. Qc4 Qc7 24. Rxc8 1-0

[Event "Reykjavik Open 2013"]
[Site "Reykjavik, Iceland"]
[Date "2013.02.24"]
[Round "7.102"]
[White "Stefansson, Vignir Vatnar"]
[Black "Leifsson, Thorsteinn"]
[Result "1/2-1/2"]
[WhiteElo "1652"]
[BlackElo "1759"]
[PlyCount "33"]
[EventDate "2013.02.19"]

1. d4 d5 2. c4 e6 3. Nf3 Nf6 4. e3 b6 5. Nbd2 Bb7 6. b3 Nbd7 7. Bb2 Be7 8. Bd3
 Rc8 9. O-O e5 10. Re1 O-O 11. Qe2 h6 12. Rad1 Bd6 13. Nxe5 Be7 14. f4 Re8 15.
 Ndf3 Nb8 16. cxd5 Nxd5 17. Nc4 1/2-1/2